[Event "2nd Science Park Open A"]
[Site "Amsterdam NED"]
[Date "2012.07.18"]
[Round "5"]
[White "Jacobs, Florian"]
[Black "Beerdsen, Thomas"]
[Result "0-1"]
[WhiteElo "2130"]
[BlackElo "2044"]
[WhiteFideId "1018329"]
[BlackFideId "1030108"]
[EventDate "2012.07.14"]

1. d4 d5 2. c4 c6 3. Nf3 Nf6 4. e3 Bf5 5. Nc3 e6 6. Nh4 Bg4 7. Qb3 Qc7 8. h3 Bh5
9. g4 Bg6 10. Nxg6 hxg6 11. Bg2 Nbd7 12. Bd2 Nb6 13. cxd5 exd5 14. g5 Nfd7 15.
Rc1 Qd8 16. e4 dxe4 17. Bxe4 Be7 18. h4 Rc8 19. a4 c5 20. Nd5 cxd4 21. Rxc8 Nxc8
22. Qg3 Nd6 23. Bb1 Nb6 24. Ba5 Qc8 25. Nxe7 Qc1+ 26. Ke2 Qxh1 27. Qe5 Nbc4 28.
Qxg7 Qxb1 29. Qxh8+ Kxe7 30. Qf6+ Kd7 0-1

[Event "2nd Science Park Open A"]
[Site "Amsterdam NED"]
[Date "2012.07.18"]
[Round "5"]
[White "Brink, Barry"]
[Black "Schoehuijs, Erik"]
[Result "1/2-1/2"]
[WhiteElo "2195"]
[BlackElo "2120"]
[WhiteFideId "1009451"]
[BlackFideId "1004425"]
[EventDate "2012.07.14"]

1. d4 Nf6 2. c4 g6 3. Nf3 Bg7 4. g3 O-O 5. Bg2 d6 6. O-O c6 7. Nc3 Nbd7 8. e4 e5
9. h3 Re8 10. Re1 a6 11. Be3 Bf8 12. d5 cxd5 13. cxd5 b5 14. Nd2 Nb6 15. Qb3 Bd7
16. Kh2 Qb8 17. Bf1 h5 18. Rac1 Rc8 19. a3 Be7 20. Na2 Qb7 21. Nb4 h4 22. g4 Nh7
23. f4 exf4 24. Bxf4 a5 25. Nc6 Bxc6 26. dxc6 Rxc6 27. Bxb5 Rxc1 28. Rxc1 Bg5
29. Qe3 Bxf4+ 30. Qxf4 Rc8 31. Rxc8+ Nxc8 32. Bc4 Qe7 33. Nf3 Nb6 34. Ba2 Kg7
35. e5 dxe5 36. Qxe5+ Qxe5+ 37. Nxe5 Ng5 38. b4 axb4 39. axb4 Kf6 40. Nc4 Nxc4
41. Bxc4 Ke5 42. Kg2 f5 43. gxf5 gxf5 44. Bf1 Kd4 45. Kf2 f4 46. b5 Kc5 47. Bd3
Kb6 48. Bf1 Nxh3+ 1/2-1/2

[Event "2nd Science Park Open A"]
[Site "Amsterdam NED"]
[Date "2012.07.18"]
[Round "5"]
[White "Brookes, Christopher"]
[Black "De Roode, Martijn"]
[Result "0-1"]
[WhiteElo "2171"]
[BlackElo "2100"]
[WhiteFideId "4669355"]
[BlackFideId "1030752"]
[EventDate "2012.07.14"]

1. e4 e6 2. d4 d5 3. Nc3 Nf6 4. e5 Nfd7 5. f4 c5 6. Nf3 Nc6 7. Be3 cxd4 8. Nxd4
Bc5 9. Qd2 O-O 10. O-O-O a6 11. Qf2 Bxd4 12. Bxd4 b5 13. Be3 Qa5 14. Kb1 b4 15.
Ne2 Qc7 16. Nd4 Nxd4 17. Bxd4 a5 18. h4 Ba6 19. h5 Rfc8 20. h6 g6 21. g4 a4 22.
b3 a3 23. Bd3 Bxd3 24. cxd3 Ra6 25. Rc1 Rc6 26. Rxc6 Qxc6 27. Rd1 Qc7 28. Rf1
Qd8 29. Be3 Qf8 30. Bd4 Qxh6 31. f5 Qh3 32. fxe6 Qxd3+ 33. Ka1 fxe6 0-1

[Event "2nd Science Park Open A"]
[Site "Amsterdam NED"]
[Date "2012.07.18"]
[Round "5"]
[White "Markus, John Raymond"]
[Black "Weber, Meikel"]
[Result "1/2-1/2"]
[WhiteElo "2147"]
[BlackElo "2045"]
[WhiteFideId "1001213"]
[BlackFideId "24602957"]
[EventDate "2012.07.14"]

1. d4 d5 2. Nf3 c6 3. e3 Nf6 4. c4 e6 5. Bd3 dxc4 6. Bxc4 b5 7. Bd3 Nbd7 8. O-O
a6 9. b3 c5 10. Bb2 Bb7 11. Nbd2 Be7 12. Qe2 O-O 13. Rfd1 cxd4 14. Bxd4 Rc8 15.
a4 bxa4 16. Rxa4 a5 17. Nc4 Bb4 18. Nfe5 Bd5 19. e4 Nxe5 20. Bxe5 Bxc4 21. Bxc4
Qe7 22. Rxb4 Qxb4 23. Bd6 Qb7 24. Bxf8 Rxf8 25. f3 a4 26. e5 Ne8 27. bxa4 Qa7+
28. Kf1 Qxa4 29. Bb5 Qa5 30. g3 g6 31. h4 Ng7 32. g4 h5 33. Kg2 Rd8 34. Rxd8+
Qxd8 35. Kg3 Qd4 36. Kg2 Qd8 37. Kg3 Qd4 1/2-1/2

[Event "2nd Science Park Open A"]
[Site "Amsterdam NED"]
[Date "2012.07.18"]
[Round "5"]
[White "Dehmel, Jens"]
[Black "Go, Benjamin"]
[Result "0-1"]
[WhiteElo "2094"]
[BlackElo "2164"]
[WhiteFideId "4676548"]
[BlackFideId "1014560"]
[EventDate "2012.07.14"]

1. d4 d5 2. c4 c6 3. Nf3 Nf6 4. Nc3 dxc4 5. a4 Bf5 6. Ne5 Nbd7 7. Nxc4 Nb6 8.
Ne5 a5 9. f3 Nfd7 10. Nxd7 Nxd7 11. e4 Bg6 12. Be2 e6 13. Be3 Bb4 14. O-O O-O
15. Qb3 Qb6 16. Bf2 Rfe8 17. Rad1 Qc7 18. Na2 Bd6 19. g3 f6 20. Nc3 Bf7 21. f4
Bb4 22. e5 Rad8 23. Ne4 f5 24. Ng5 Nb6 25. g4 h6 26. Nxf7 Qxf7 27. Qh3 Nd5 28.
Bh4 Be7 29. Bxe7 Rxe7 30. gxf5 exf5 31. Bd3 Rf8 32. Bc4 Kh7 33. Kh1 Nxf4 34.
Rxf4 Qxc4 35. Rxf5 Qd5+ 36. Kg1 Qe6 37. Rh5 Qg6+ 38. Kh1 Rf2 39. b3 Ref7 40. Qd3
Rf1+ 0-1

[Event "2nd Science Park Open A"]
[Site "Amsterdam NED"]
[Date "2012.07.18"]
[Round "5"]
[White "Farrand, Julian T"]
[Black "Hendriks, Theo"]
[Result "1/2-1/2"]
[WhiteElo "2116"]
[BlackElo "2067"]
[WhiteFideId "24602469"]
[BlackFideId "1015915"]
[EventDate "2012.07.14"]

1. d4 Nf6 2. Nc3 d5 3. Bg5 Nbd7 4. Qd3 g6 5. f3 Bg7 6. e4 dxe4 7. fxe4 Nb6 8.
Nf3 O-O 9. Be2 h6 10. Bh4 c6 11. O-O Bg4 12. Rad1 Nh5 13. Ne5 Bxe2 14. Qxe2 Qc7
15. g4 Nf6 16. Bg3 Qc8 17. Kg2 Nbd7 18. h3 1/2-1/2

[Event "2nd Science Park Open A"]
[Site "Amsterdam NED"]
[Date "2012.07.19"]
[Round "6.1"]
[White "Van Assendelft, Floris"]
[Black "Bakre, Tejas"]
[Result "1/2-1/2"]
[WhiteTitle "FM"]
[BlackTitle "GM"]
[WhiteElo "2348"]
[BlackElo "2482"]
[WhiteFideId "1010271"]
[BlackFideId "5004195"]
[EventDate "2012.07.14"]

1. e4 c5 2. Nf3 d6 3. d4 cxd4 4. Nxd4 Nf6 5. Nc3 Nc6 6. Bg5 e6 7. Qd2 Be7 8.
O-O-O a6 9. f3 Nxd4 10. Qxd4 O-O 11. h4 b5 12. Kb1 Bb7 13. Qf2 Rc8 14. e5 Nd5
15. Nxd5 Bxd5 16. exd6 Qxd6 17. Bd3 Qc7 18. Bxe7 Qxe7 19. Rhe1 Rfd8 20. f4 Qb7
21. f5 exf5 22. Bxf5 Rb8 23. Rd3 Re8 24. Red1 Re5 25. h5 h6 26. g4 Rbe8 27. b3
Qc6 28. Qa7 R5e7 29. Qd4 Be6 30. Rc3 Qb7 31. Bd3 Rd7 32. Qf4 Qg2 33. Re1 Red8
34. Rc7 Qxg4 35. Rxd7 Bxd7 36. Qd6 Re8 37. Rxe8+ Bxe8 38. Qxa6 Qg1+ 39. Kb2 Qd4+
40. Kc1 Qg1+ 41. Kb2 1/2-1/2

[Event "2nd Science Park Open A"]
[Site "Amsterdam NED"]
[Date "2012.07.19"]
[Round "6.3"]
[White "Bosboom, Manuel"]
[Black "Klein, David"]
[Result "1-0"]
[WhiteTitle "IM"]
[BlackTitle "FM"]
[WhiteElo "2375"]
[BlackElo "2438"]
[WhiteFideId "1000080"]
[BlackFideId "1003623"]
[EventDate "2012.07.14"]

1. b3 e5 2. Bb2 Nc6 3. c4 Nf6 4. g3 d5 5. cxd5 Nxd5 6. Bg2 Be7 7. d3 O-O 8. Nf3
f6 9. Nbd2 Be6 10. a3 Qd7 11. h4 Rfe8 12. Rc1 Bf8 13. h5 h6 14. Rh4 Nce7 15. e4
Nb6 16. d4 g5 17. hxg6 Nxg6 18. Rh1 Bg4 19. Qc2 c6 20. dxe5 fxe5 21. Nf1 Qf7 22.
N3d2 Be6 23. Ne3 Bg7 24. Bh3 Bxh3 25. Rxh3 Rf8 26. Ndf1 Ne7 27. Rd1 Qe6 28. Rh4
Kh7 29. Bc1 Rad8 30. Rxd8 Rxd8 31. Nf5 Nxf5 32. exf5 Qf6 33. Ne3 Rf8 34. Rh5 Kg8
35. Ng4 Qf7 36. Qd1 Nd5 37. Nxh6+ Bxh6 38. Bxh6 Nf6 39. Rg5+ Kh8 40. Bxf8 1-0

[Event "2nd Science Park Open A"]
[Site "Amsterdam NED"]
[Date "2012.07.19"]
[Round "6.4"]
[White "Hungaski, Robert Andrew"]
[Black "Plukkel, Sjoerd"]
[Result "1-0"]
[WhiteTitle "IM"]
[WhiteElo "2488"]
[BlackElo "2274"]
[WhiteFideId "2021030"]
[BlackFideId "1008676"]
[EventDate "2012.07.14"]

1. d4 Nf6 2. c4 e6 3. Nc3 Bb4 4. e3 O-O 5. Bd3 b6 6. Qf3 d5 7. Ne2 Ba6 8. Nf4 c6
9. cxd5 cxd5 10. Bd2 Bxd3 11. Nxd3 Bxc3 12. Bxc3 Nc6 13. O-O Ne4 14. Rfc1 Rc8
15. Qe2 Qd6 16. Be1 Qe7 17. Rc2 Qb7 18. Rac1 Rfe8 19. b3 Ne7 20. Bb4 Rxc2 21.
Rxc2 Nc6 22. Ba3 Rc8 23. f3 Nf6 24. Bd6 Ne8 25. Bf4 Ne7 26. Kf2 Rxc2 27. Qxc2
Qc6 28. Qd2 Ng6 29. Bg3 a5 30. a4 Kf8 31. Nc1 Ke7 32. Ne2 Nd6 33. h3 Kd7 34. Nc3
Ne7 35. Qd3 Nef5 36. Bh2 h6 37. g4 Ne7 38. Ke2 Ng6 39. Bg3 Ne7 40. Kd2 Qb7 41.
Bxd6 Kxd6 42. Qh7 h5 43. Qxg7 hxg4 44. Qxg4 Qc8 45. Qf4+ Kd7 46. Nb5 Nf5 47. e4
dxe4 48. fxe4 Ne7 49. Qd6+ Ke8 50. Qxb6 Kf8 51. Qxa5 f5 52. Qc7 Qa8 53. Qe5 Qa5+
54. Ke2 Qa6 55. Qf6+ Ke8 56. d5 Qb6 57. dxe6 1-0

[Event "2nd Science Park Open A"]
[Site "Amsterdam NED"]
[Date "2012.07.19"]
[Round "6.5"]
[White "Gullaksen, Eirik"]
[Black "Greenfeld, Alon"]
[Result "1/2-1/2"]
[WhiteTitle "IM"]
[BlackTitle "GM"]
[WhiteElo "2382"]
[BlackElo "2556"]
[WhiteFideId "1500945"]
[BlackFideId "2800039"]
[EventDate "2012.07.14"]

1. e4 c5 2. Nf3 d6 3. d4 cxd4 4. Nxd4 Nf6 5. Nc3 Nc6 6. Bc4 Bd7 7. O-O e6 8. Be3
Be7 9. Bb3 O-O 10. f4 Nxd4 11. Bxd4 Bc6 12. Qe2 b5 13. a3 a5 14. Rae1 Bb7 15.
Qf3 b4 16. axb4 axb4 17. Nb1 d5 18. e5 Ne4 19. Qe3 f5 20. exf6 Bxf6 21. Nd2 Bxd4
22. Qxd4 Nxd2 23. Qxd2 Qb6+ 24. Qe3 Qxe3+ 25. Rxe3 1/2-1/2

[Event "2nd Science Park Open A"]
[Site "Amsterdam NED"]
[Date "2012.07.19"]
[Round "6.6"]
[White "Lammens, Tim"]
[Black "Pruijssers, Roeland"]
[Result "1/2-1/2"]
[WhiteTitle "FM"]
[BlackTitle "GM"]
[WhiteElo "2291"]
[BlackElo "2525"]
[WhiteFideId "1008803"]
[BlackFideId "1013068"]
[EventDate "2012.07.14"]

1. Nf3 f5 2. d4 Nf6 3. g3 g6 4. Bg2 Bg7 5. O-O O-O 6. b3 a5 7. c4 d6 8. Bb2 Qe8
9. a3 e5 10. dxe5 Ng4 11. c5 Nxe5 12. b4 axb4 13. cxd6 cxd6 14. Nd4 bxa3 15.
Qb3+ Kh8 16. Nxa3 Qe7 17. Rac1 Na6 18. Nab5 f4 19. Qd5 Nb4 20. Qb3 Na6 21. Ba3
Nc5 22. Qd5 Bd7 23. Rxc5 dxc5 24. Bxc5 Qg5 25. Bxf8 Rxf8 26. Qxb7 fxg3 27. hxg3
Qh5 28. Rb1 Ng4 29. Nf3 Qc5 30. Qxd7 Qxf2+ 31. Kh1 Qxg3 32. Qd6 Nf2+ 33. Kg1
Nh3+ 34. Kh1 Nf2+ 35. Kg1 Nh3+ 36. Kh1 Nf4 37. Bf1 Rf5 38. Nh2 Be5 39. Qd8+ Kg7
40. Nd4 Rf7 41. Ndf3 Nh5 42. Qg5 Qxg5 43. Nxg5 Re7 44. Nhf3 Bf4 45. Rb6 Be3 46.
Re6 Rxe6 47. Nxe6+ Kf6 48. Ned4 Ng3+ 49. Kg2 Nxf1 50. Kxf1 g5 51. Nc2 1/2-1/2

[Event "2nd Science Park Open A"]
[Site "Amsterdam NED"]
[Date "2012.07.19"]
[Round "6.7"]
[White "Antal, Gergely"]
[Black "Vroombout, Enrico"]
[Result "1-0"]
[WhiteTitle "GM"]
[WhiteElo "2511"]
[BlackElo "2241"]
[WhiteFideId "717312"]
[BlackFideId "1008730"]
[EventDate "2012.07.14"]

1. e4 c5 2. Nf3 d6 3. d4 cxd4 4. Qxd4 Nc6 5. Bb5 Bd7 6. Qd3 Nf6 7. Nc3 g6 8. Bg5
Bg7 9. O-O-O h6 10. Bh4 g5 11. Bg3 Nh5 12. Bxc6 bxc6 13. Rhe1 Nxg3 14. hxg3 Qb6
15. e5 d5 16. Nd4 e6 17. f4 gxf4 18. gxf4 Rb8 19. b3 Bf8 20. f5 Rg8 21. fxe6
fxe6 22. Rf1 Ba3+ 23. Kb1 Rg7 24. Rf6 Ke7 25. Qh3 Qc7 26. Qh4 Ke8 27. Qxh6 Rxg2
28. Rdf1 Kd8 29. Qh8+ 1-0

[Event "2nd Science Park Open A"]
[Site "Amsterdam NED"]
[Date "2012.07.19"]
[Round "6.8"]
[White "Sergeev, Vladimir"]
[Black "Schroer, Marcel"]
[Result "1-0"]
[WhiteTitle "GM"]
[WhiteElo "2479"]
[BlackElo "2088"]
[WhiteFideId "14101076"]
[BlackFideId "1012908"]
[EventDate "2012.07.14"]

1. Nf3 d5 2. e3 Nf6 3. c4 c6 4. Nc3 a6 5. Be2 e6 6. O-O Nbd7 7. b3 Bd6 8. d4 O-O
9. a4 Re8 10. Qc2 e5 11. dxe5 Nxe5 12. cxd5 cxd5 13. Ba3 Bg4 14. Bxd6 Qxd6 15.
Rac1 Rac8 16. Rfd1 Bxf3 17. Bxf3 Nxf3+ 18. gxf3 Qe6 19. Kg2 Rc6 20. Rd4 Qe5 21.
Qd1 Qg5+ 22. Kf1 Qh5 23. Kg2 Qg5+ 24. Kh1 Qh5 25. Na2 Qh3 26. Qe2 Rxc1+ 27. Nxc1
Rc8 28. Rd1 d4 29. Nd3 dxe3 30. fxe3 h6 31. Nf4 Qf5 32. Qd3 Qe5 33. Qd4 Qxd4 34.
Rxd4 Rc3 35. Rd8+ Kh7 36. Rd3 Rc5 37. e4 b5 38. Nd5 bxa4 39. bxa4 Kg6 40. Ne7+
Kg5 41. Nf5 Nh5 42. Kg1 Nf4 43. Rd2 Rc4 44. h4+ Kf6 45. Rd6+ Ke5 46. Rxa6 Rc1+
47. Kf2 Rc2+ 48. Ke1 Ne6 49. Ra7 g5 50. h5 Rh2 51. Nxh6 Rxh5 52. Ng4+ Kd4 53.
Rd7+ Kc4 54. Rxf7 Rh1+ 55. Kf2 Ra1 56. Ne3+ Kc5 57. Rf5+ Kd6 58. Nc4+ Ke7 59. a5
Ra2+ 60. Ke3 Ra4 61. Kd3 Nf4+ 62. Kc3 Ne6 63. Nb6 Ra1 64. Kb2 Re1 65. a6 1-0

[Event "2nd Science Park Open A"]
[Site "Amsterdam NED"]
[Date "2012.07.19"]
[Round "6.9"]
[White "Ten Hertog, Hugo"]
[Black "Kohler, Aran"]
[Result "1-0"]
[WhiteTitle "FM"]
[BlackTitle "FM"]
[WhiteElo "2349"]
[BlackElo "2229"]
[WhiteFideId "1026356"]
[BlackFideId "1002856"]
[EventDate "2012.07.14"]

1. c4 e5 2. Nc3 Nc6 3. e3 g6 4. g3 Bg7 5. Bg2 d6 6. Rb1 Bf5 7. d3 Qd7 8. b4 h5
9. h3 Nge7 10. Nd5 Nd8 11. e4 Be6 12. Nf3 Nec6 13. Bg5 Bxd5 14. cxd5 Nd4 15.
Nxd4 exd4 16. h4 O-O 17. Bh3 Qe8 18. O-O f6 19. Bd2 Rf7 20. f4 Bh6 21. Rc1 Rg7
22. Kh2 a5 23. bxa5 b6 24. Rc4 bxa5 25. Rxd4 Nb7 26. Rc4 a4 27. Bc3 Qd8 28. Be6+
Kh7 29. f5 g5 30. Qxh5 Nc5 31. Rxc5 dxc5 32. Bf7 gxh4 33. Bg6+ Kg8 34. Qxh6 Qd6
35. e5 hxg3+ 36. Kg1 Qe7 37. exf6 Qe3+ 38. Qxe3 1-0

[Event "2nd Science Park Open A"]
[Site "Amsterdam NED"]
[Date "2012.07.19"]
[Round "6.10"]
[White "Riemersma, Li"]
[Black "Padurariu, Ioana-Smaranda"]
[Result "1-0"]
[WhiteTitle "IM"]
[BlackTitle "WIM"]
[WhiteElo "2425"]
[BlackElo "2245"]
[WhiteFideId "1000250"]
[BlackFideId "1210947"]
[EventDate "2012.07.14"]

1. c4 Nf6 2. Nc3 e6 3. e4 d5 4. e5 d4 5. exf6 dxc3 6. bxc3 Qxf6 7. d4 e5 8. Nf3
exd4 9. Bg5 Qe6+ 10. Be2 d3 11. O-O Bc5 12. Bxd3 O-O 13. Re1 Qg4 14. h3 Qh5 15.
Re4 f5 16. Rh4 Qg6 17. Qd2 Nc6 18. Re1 Bd7 19. Bc2 Qd6 20. Qd5+ Kh8 21. Bf4 Qxd5
22. cxd5 Ne7 23. Ne5 Be8 24. Bb3 Bd6 25. c4 Rd8 26. Bg5 Rc8 27. c5 Bxc5 28. Nd3
Ng6 29. Nxc5 Nxh4 30. Bxh4 f4 31. Be7 Rf5 32. Nxb7 Rb8 33. Ba3 Bg6 34. Nc5 Re8
35. Ne6 Bf7 36. Rc1 Bxe6 37. dxe6 c5 38. Rxc5 1-0

[Event "2nd Science Park Open A"]
[Site "Amsterdam NED"]
[Date "2012.07.19"]
[Round "6.11"]
[White "Wiersma, Eelke"]
[Black "Kuling, Lody"]
[Result "1/2-1/2"]
[WhiteTitle "IM"]
[WhiteElo "2375"]
[BlackElo "2244"]
[WhiteFideId "1002864"]
[BlackFideId "1019686"]
[EventDate "2012.07.14"]

1. d4 Nf6 2. c4 e5 3. dxe5 Ng4 4. Bf4 Nc6 5. Nf3 Bb4+ 6. Nc3 Qe7 7. Qd5 f6 8.
exf6 Bxc3+ 9. bxc3 Nxf6 10. Qd3 d6 11. g3 O-O 12. Bg2 Bg4 13. O-O Rae8 14. Rab1
b6 15. Rfe1 Kh8 16. Nd4 Ne5 17. Bxe5 dxe5 18. Nf5 Bxf5 19. Qxf5 Qc5 20. e3 Qxc4
21. Qc2 Rd8 1/2-1/2

[Event "2nd Science Park Open A"]
[Site "Amsterdam NED"]
[Date "2012.07.19"]
[Round "6.12"]
[White "Prieto Aranguren, Alain"]
[Black "Schoorl, Rob"]
[Result "1-0"]
[BlackTitle "FM"]
[WhiteElo "2232"]
[BlackElo "2362"]
[WhiteFideId "2268906"]
[BlackFideId "1009508"]
[EventDate "2012.07.14"]

1. e4 e5 2. Nf3 Nc6 3. Bc4 Nf6 4. Ng5 d5 5. exd5 Na5 6. Bb5+ Bd7 7. Qe2 Be7 8.
Nc3 Bxb5 9. Qxb5+ c6 10. dxc6 Nxc6 11. O-O O-O 12. Qe2 Nd4 13. Qd1 Rc8 14. Nf3
b5 15. a3 Qd7 16. d3 Nxf3+ 17. Qxf3 a5 18. Qe2 b4 19. axb4 axb4 20. Nd1 Rfd8 21.
b3 Bc5 22. Bb2 Bd4 23. Bxd4 exd4 24. Nb2 Re8 25. Qd2 Nd5 26. Nc4 Re6 27. Rfe1 h6
28. Rxe6 Qxe6 29. Re1 Qa6 30. g3 Qa2 31. Kg2 Nc3 32. Kg1 Nd5 33. h3 Nc3 34. Qc1
Ra8 35. Kh2 Nd5 36. Re4 Nc3 37. Re7 Kf8 38. Rd7 Ne2 39. Qd2 Re8 40. Qxb4+ Kg8
41. Re7 Rxe7 42. Qxe7 Qxc2 43. Nd6 Qc5 44. Qxf7+ Kh8 45. Qe8+ Kh7 46. Qe4+ Kg8
47. Nf5 Nc1 48. Qe8+ Kh7 49. Ne7 1-0

[Event "2nd Science Park Open A"]
[Site "Amsterdam NED"]
[Date "2012.07.19"]
[Round "6"]
[White "Timmermans, Mark"]
[Black "Afek, Yochanan"]
[Result "1/2-1/2"]
[BlackTitle "IM"]
[WhiteElo "2194"]
[BlackElo "2293"]
[WhiteFideId "1026399"]
[BlackFideId "2800462"]
[EventDate "2012.07.14"]

1. e4 c5 2. Nf3 Nf6 3. Nc3 d5 4. exd5 Nxd5 5. Bb5+ Bd7 6. Ne5 Nf6 7. Qf3 Qc8 8.
Nxd7 Nbxd7 9. O-O a6 10. Be2 g6 11. d3 Bg7 12. Qg3 O-O 13. Bf3 e5 14. Bg5 Re8
15. Qh4 Rb8 16. a4 b6 17. Rae1 Qc7 18. Re3 Qd6 19. Qc4 b5 20. axb5 axb5 21. Nxb5
Qa6 22. Nc7 Qxc4 23. dxc4 Rec8 24. Nb5 e4 25. Bxe4 Nxe4 26. Rxe4 Bxb2 27. c3 Re8
28. Rxe8+ Rxe8 29. Be3 Ne5 30. Bxc5 Nxc4 31. Nd6 1/2-1/2

[Event "2nd Science Park Open A"]
[Site "Amsterdam NED"]
[Date "2012.07.19"]
[Round "6"]
[White "Duijker, Rick"]
[Black "Zult, Daan"]
[Result "0-1"]
[WhiteTitle "FM"]
[WhiteElo "2195"]
[BlackElo "2252"]
[WhiteFideId "1010565"]
[BlackFideId "1005510"]
[EventDate "2012.07.14"]

1. e4 c5 2. Nf3 d6 3. d4 cxd4 4. Nxd4 Nf6 5. Nc3 a6 6. Be2 e5 7. Nf3 Be7 8. O-O
O-O 9. Re1 b5 10. Bf1 Bb7 11. a3 Nbd7 12. Bg5 h6 13. Bxf6 Nxf6 14. Bd3 Qb6 15.
Nd2 Rac8 16. Nf1 g6 17. Ne3 h5 18. Qf3 Kh7 19. Ncd5 Bxd5 20. exd5 Rg8 21. Rad1
Rce8 22. c4 Bd8 23. Qh3 e4 24. Be2 Qb7 25. cxb5 axb5 26. g4 Qd7 27. Qf1 Re5 28.
Bxb5 Qe7 29. h3 hxg4 30. hxg4 Kg7 31. Be2 Rh8 32. Qg2 Rg5 33. Rd4 Bb6 34. Rb4
Bxe3 35. fxe3 Rh4 36. Kf1 Nxg4 37. Bxg4 Rgxg4 38. Qf2 Qg5 39. Rb7 Rh1+ 40. Ke2
Rxe1+ 41. Kxe1 Rg1+ 42. Ke2 Qh5+ 43. Kd2 Qxd5+ 44. Kc3 Rc1+ 0-1

[Event "2nd Science Park Open A"]
[Site "Amsterdam NED"]
[Date "2012.07.19"]
[Round "6"]
[White "Bezemer, Arno"]
[Black "Bijlsma, Nick"]
[Result "1-0"]
[WhiteTitle "FM"]
[WhiteElo "2346"]
[BlackElo "2130"]
[WhiteFideId "1001396"]
[BlackFideId "1007041"]
[EventDate "2012.07.14"]

1. e4 c5 2. Nf3 d6 3. d4 cxd4 4. Nxd4 Nf6 5. Nc3 a6 6. Be3 e6 7. Be2 Be7 8. g4
h6 9. f4 Nc6 10. Bf3 Nd7 11. Qd2 g5 12. f5 Nde5 13. Be2 Bd7 14. O-O-O Na5 15.
Nb3 Rc8 16. Nxa5 Qxa5 17. Bd4 Rc6 18. Kb1 Qd8 19. Qe3 Kf8 20. Rhf1 Kg7 21. Qf2
Bf6 22. fxe6 Bxe6 23. Nd5 Be7 24. Nb4 Qa5 25. a3 Rcc8 26. Nd5 Bd8 27. Qg3 f6 28.
Ne3 Rc6 29. Nf5+ Bxf5 30. exf5 Be7 31. Qb3 Qc7 32. c3 Rb8 33. Bf3 Rc4 34. Bd5 b5
35. Bxe5 dxe5 36. Bxc4 bxc4 37. Qa4 Qb7 38. Rd2 Qe4+ 39. Ka2 Qxg4 40. Qd7 Kf8
41. Qe6 Re8 42. Rfd1 Qh5 43. Qxa6 1-0

[Event "2nd Science Park Open A"]
[Site "Amsterdam NED"]
[Date "2012.07.19"]
[Round "6"]
[White "Hopman, Pieter"]
[Black "Gravemaker, Wim Laurens"]
[Result "1/2-1/2"]
[WhiteElo "2326"]
[BlackElo "2066"]
[WhiteFideId "1005669"]
[BlackFideId "1036149"]
[EventDate "2012.07.14"]

1. d4 d5 2. c4 e6 3. Nc3 c5 4. cxd5 exd5 5. Nf3 Nc6 6. g3 Nf6 7. Bg2 Be7 8. O-O
O-O 9. b3 Qa5 10. Bb2 Rd8 11. Rc1 Bg4 12. dxc5 Bxc5 13. a3 d4 14. Na4 Be7 15. b4
Qh5 16. Nc5 Rab8 17. Nd3 a5 18. h3 Bxf3 19. Bxf3 Qxh3 20. b5 Na7 21. Qb3 Bd6 22.
Rfe1 h5 23. Rc4 h4 24. Bg2 Qf5 25. gxh4 a4 26. Rxa4 Qxb5 27. Qxb5 Nxb5 28. Rc1
Re8 29. Ra5 Nc3 30. Bxc3 dxc3 31. Rxc3 Rxe2 32. Rb3 Ra2 33. Rxb7 1/2-1/2

[Event "2nd Science Park Open A"]
[Site "Amsterdam NED"]
[Date "2012.07.19"]
[Round "6"]
[White "Knol, Geon"]
[Black "De Rover, Yong Hoon"]
[Result "0-1"]
[WhiteElo "2156"]
[BlackElo "2287"]
[WhiteFideId "1012142"]
[BlackFideId "1010298"]
[EventDate "2012.07.14"]

1. e4 e5 2. Nf3 Nc6 3. Bc4 Bc5 4. b4 Bxb4 5. c3 Ba5 6. O-O Nf6 7. d4 d6 8. h3
O-O 9. Bg5 h6 10. Bh4 Qe7 11. Qb3 Bb6 12. Nbd2 g5 13. Nxg5 hxg5 14. Bxg5 Na5 15.
Qd1 exd4 16. f4 Nxc4 17. Nxc4 d3+ 18. Kh1 Qxe4 19. Bxf6 Bxh3 20. Rf3 Bg4 21.
Nxb6 Bxf3 22. Qd2 axb6 23. gxf3 Qe2 24. Rg1+ Kh7 25. Qc1 Rxa2 26. Rg7+ Kh6 27.
f5+ d2 28. Qg1 Qxf3+ 29. Rg2 d1=Q 0-1

[Event "2nd Science Park Open A"]
[Site "Amsterdam NED"]
[Date "2012.07.19"]
[Round "6"]
[White "Arjun, Bharat"]
[Black "Vereggen, Lars"]
[Result "1-0"]
[WhiteTitle "CM"]
[WhiteElo "2250"]
[BlackElo "2051"]
[WhiteFideId "5032725"]
[BlackFideId "1029258"]
[EventDate "2012.07.14"]

1. c4 g6 2. Nf3 Bg7 3. Nc3 d6 4. d4 Nf6 5. e4 Bg4 6. Be2 Bxf3 7. Bxf3 Nbd7 8.
Be3 O-O 9. Rc1 e5 10. d5 Ne8 11. Be2 f5 12. f3 Bf6 13. Qd2 Bh4+ 14. g3 f4 15.
Bf2 Bg5 16. g4 Bh4 17. Bf1 b6 18. Kd1 a5 19. Bg1 Nb8 20. Bd3 Na6 21. Bc2 Nf6 22.
Ba4 Nd7 23. Bc6 Rb8 24. Kc2 Nb4+ 25. Kb1 Nc5 26. Bxc5 bxc5 27. Bb5 Ra8 28. a3
Na6 29. Bc6 Rb8 30. Nb5 Rb6 31. Rhf1 Kg7 32. Qxa5 Nb8 33. Qd2 Nxc6 34. dxc6 Rxc6
35. Ka2 Rb6 36. Rfd1 Qb8 37. Rb1 Rd8 38. Qc2 c6 39. Nc3 Rb7 40. Rd3 Be7 41. Rbd1
Qc7 42. Ne2 Qb6 43. Nc1 Rbd7 44. b3 Qb7 45. Qb2 Kf7 46. Ne2 Qc7 47. Nc3 Ra8 48.
Kb1 Rdd8 49. Kc2 Bh4 50. Kc1 Ke6 51. Na4 Be7 52. Kd2 Rdb8 53. Qc2 Bf8 54. Ke2
Qg7 55. Kf1 Be7 56. Kg2 Qf6 57. b4 cxb4 58. c5 Kf7 59. cxd6 Bd8 60. Qxc6 bxa3
61. Rxa3 Kg7 62. Rad3 h5 63. gxh5 Qg5+ 64. Kh1 Qxh5 65. Qc2 Kh6 66. Nc3 Bb6 67.
Nd5 Bd4 68. Nxf4 Qh4 69. Ng2 Qh5 70. Qd2+ Kh7 71. d7 Rb2 72. Rxd4 Rxd2 73. R4xd2
Rd8 74. Rd3 Kg7 75. Kg1 Kf7 76. Rd5 Qh3 77. R1d3 Qe6 78. Ne3 Qc6 79. Ng4 Qc1+
80. Kg2 Qc2+ 81. Rd2 Qc1 82. Nxe5+ Kf6 83. Nc6 1-0